|
|
|
|
| LEADER |
00000cam a2200000 7i4500 |
| 001 |
0000029599 |
| 005 |
20151222.0 |
| 008 |
100702 |
| 020 |
|
|
|a 0151004366
|
| 090 |
0 |
0 |
|a FT
|b ENG
|
| 100 |
1 |
|
|a Andersen's, Hans Christian
|
| 245 |
1 |
0 |
|a The emperor's new clothes :
|b an all-starretelling of the classic fairy tale
|c Hans Christian Andersen's
|
| 260 |
|
|
|a New York :
|b Harcourt Brace & company Publishers ,
|c 1998
|
| 500 |
|
|
|a Children ages 7-9 years old (orange)
|
| 650 |
|
0 |
|a Fairy tales
|
| 999 |
|
|
|a 0001021658
|b Book
|c Children Collection
|e Cawangan Bandar Penawar
|
| 999 |
|
|
|a 0001021659
|b Book
|c Children Collection
|e Perbadanan Perpustakaan Awam Johor
|
| 999 |
|
|
|a 0001078403
|b Book
|c Children Collection
|e Cawangan Bukit Gambir
|
| 999 |
|
|
|a CD01021659
|b CD-ROM
|c REFERENCE
|e Perbadanan Perpustakaan Awam Johor
|